Organ to Organ System - Statistics

General Stats
  • This quiz has been taken 125 times
  • The average score is 9 of 11
Answer Stats
Hint Answer % Correct
Stomach Digestive
98%
Heart Circulatory
95%
Bicep Muscular
89%
Brain Nervous
87%
Femur Skeletal
86%
Uterus Reproductive
85%
Bladder Excretory
84%
Lung Respiratory
82%
Thyroid Endocrine
75%
Spleen Immune
67%
Skin Integumentary
66%
No matching quizzes found
Score Distribution
Percent of People with Each Score
Percentile by Number Answered
Your Score History
You have not taken this quiz